| 000 | 00675nam a22001937a 4500 | ||
|---|---|---|---|
| 005 | 20151026105331.0 | ||
| 008 | 151026b mx ||||| |||| 00| 0 spa d | ||
| 020 | _a9686255443 | ||
| 050 | 0 | 4 |
_aHN113 .5 _bI34 2001 |
| 245 | 0 | 0 |
_aIdentidades acciones colectivas y movimientos sociales _c/ Jorge Alonso, coordinador |
| 250 | _a1a ed. | ||
| 260 |
_aZapopan, Jalisco, México : _bEl Colegio de Jalisco, _c2001. |
||
| 300 |
_a190 p. ; _c21 cm. |
||
| 490 | _aCuadernos de Trabajo | ||
| 650 | 7 |
_2LEMB _aMovimientos sociales _zMéxico |
|
| 650 | 7 |
_2LEMB _aMovimiento sociales _ySiglo XVIII _zBolaños, Jalisco, México |
|
| 700 | 1 |
_aAlonso, Jorge, _ecoord. |
|
| 942 |
_2lcc _cLIB |
||
| 999 |
_c105813 _d105813 |
||